| Tag |
First Indicator |
Second Indicator |
Subfields |
| LEADER |
00000cam a2200000 a 4500 |
| 001 |
in00005709813 |
| 005 |
20260318192130.9 |
| 006 |
m o d |
| 007 |
cr |n||||||||| |
| 008 |
130605s2013 enk ob 001 0 eng c |
| 040 |
|
|
|a YDXCP
|b eng
|e pn
|c YDXCP
|d ILI
|d OTZ
|d OCLCF
|d IDEBK
|d CDX
|d N$T
|d NLGGC
|d OCLCQ
|d OCLCO
|d OCLCQ
|d OCL
|d E7B
|d OCLCO
|d OCLCQ
|d STBDS
|d FIE
|d OCLCQ
|d VGL
|d OCLCO
|d BUF
|d OCLCQ
|d OCLCO
|d REC
|d UEJ
|d U3W
|d WYU
|d YOU
|d OCL
|d OCLCQ
|d OCLCO
|d UKAHL
|d OCLCO
|d OCLCQ
|d SFB
|d OCLCQ
|d OCLCO
|d OCLCL
|d CLOUD
|d OCLCO
|d UKKRT
|d OCLCQ
|d OCLCL
|
| 019 |
|
|
|a 873806151
|a 878136248
|
| 020 |
|
|
|a 0191752258
|q (electronic bk.)
|
| 020 |
|
|
|a 9780191752254
|q (electronic bk.)
|
| 020 |
|
|
|a 9780191655890
|q (electronic bk.)
|
| 020 |
|
|
|a 0191655899
|q (electronic bk.)
|
| 020 |
|
|
|z 9780199692729
|
| 020 |
|
|
|z 0199692726
|
| 035 |
|
|
|a (OCoLC)847125486
|z (OCoLC)873806151
|z (OCoLC)878136248
|
| 042 |
|
|
|a pcc
|
| 043 |
|
|
|a e------
|
| 050 |
|
4 |
|a KJE5105
|b .K68 2013
|
| 072 |
|
7 |
|a HIS
|x 027130
|2 bisacsh
|
| 072 |
|
7 |
|a TEC
|x 025000
|2 bisacsh
|
| 082 |
0 |
4 |
|a 341.242/2
|2 23
|
| 049 |
|
|
|a TXAM
|
| 100 |
1 |
|
|a Koutrakos, Panos.
|1 https://id.oclc.org/worldcat/entity/E39PCjHWQwYpD6Fj8cQkb34kTb
|
| 245 |
1 |
4 |
|a The EU common security and defence policy /
|c Panos Koutrakos.
|
| 246 |
3 |
|
|a European Union common security and defence policy
|
| 250 |
|
|
|a 1st ed.
|
| 260 |
|
|
|a Oxford :
|b Oxford University Press,
|c 2013.
|
| 300 |
|
|
|a 1 online resource (l, 318 pages)
|
| 336 |
|
|
|a text
|b txt
|2 rdacontent
|
| 337 |
|
|
|a computer
|b c
|2 rdamedia
|
| 338 |
|
|
|a online resource
|b cr
|2 rdacarrier
|
| 490 |
1 |
|
|a Oxford European Union law library
|
| 504 |
|
|
|a Includes bibliographical references and index.
|
| 520 |
8 |
|
|a Presenting an analytical overview of the legal foundations of the EU's Common Security and Defence Policy, this book provides a detailed examination of the legal framework and problems faced by the EU's security policy.
|
| 505 |
0 |
|
|a The origins and evolution of CSDP -- The Common Security and Defense Policy within the framework of common foreign and security policy -- The substantive and institutional framework of Common Security and Defense Policy -- The policy context of CSDP -- CSDP military operations -- CSDP civilian missions -- International agreements -- Interactions between CSDP and other strands of external action -- Practical and economic underpinnings of CSDP: the case of defence industries.
|
| 588 |
0 |
|
|a Print version record.
|
| 610 |
2 |
0 |
|a European Security and Defense Policy.
|
| 610 |
2 |
7 |
|a European Security and Defense Policy
|2 fast
|
| 651 |
|
0 |
|a European Union countries
|x Foreign relations
|x Law and legislation.
|
| 650 |
|
0 |
|a National security
|z European Union countries.
|
| 651 |
|
0 |
|a Europe
|x Defenses.
|
| 651 |
|
0 |
|a European Union countries
|x Foreign relations.
|
| 651 |
|
6 |
|a Europe
|x Défense.
|
| 651 |
|
6 |
|a Pays de l'Union européenne
|x Relations extérieures.
|
| 650 |
|
7 |
|a HISTORY
|x Military
|x Other.
|2 bisacsh
|
| 650 |
|
7 |
|a TECHNOLOGY & ENGINEERING
|x Military Science.
|2 bisacsh
|
| 650 |
|
7 |
|a Diplomatic relations
|2 fast
|
| 650 |
|
7 |
|a Diplomatic relations
|x Law and legislation
|2 fast
|
| 650 |
|
7 |
|a Military readiness
|2 fast
|
| 650 |
|
7 |
|a National security
|2 fast
|
| 651 |
|
7 |
|a Europe
|2 fast
|1 https://id.oclc.org/worldcat/entity/E39PBJxCxPbbk4CPJDQJb4r6rq
|
| 651 |
|
7 |
|a European Union countries
|2 fast
|
| 655 |
|
7 |
|a Electronic books.
|2 local
|
| 758 |
|
|
|i has work:
|a The EU common security and defence policy (Text)
|1 https://id.oclc.org/worldcat/entity/E39PCGKV8Pb4PWm6cRp4ymYmwK
|4 https://id.oclc.org/worldcat/ontology/hasWork
|
| 776 |
0 |
8 |
|i Print version:
|a Koutrakos, Panos.
|t EU common security and defence policy.
|b 1st ed.
|d Oxford, U.K. : Oxford University Press, 2013
|z 0199692726
|w (OCoLC)813210712
|
| 830 |
|
0 |
|a Oxford EU law library.
|
| 856 |
4 |
0 |
|u http://proxy.library.tamu.edu/login?url=https://academic.oup.com/book/5827
|z Connect to the full text of this electronic book
|t 0
|
| 955 |
|
|
|a Oxford Scholarship Online
|
| 994 |
|
|
|a 92
|b TXA
|
| 999 |
f |
f |
|i d6f8b214-12e6-46a0-9a8e-0baf3db18789
|s f354e4c7-befd-426e-a0a2-544a60db622d
|t 0
|
| 952 |
f |
f |
|a Texas A&M University
|b College Station
|c Electronic Resources
|s www_evans
|d Available Online
|t 0
|e KJE5105 .K68 2013
|h Library of Congress classification
|
| 998 |
f |
f |
|a KJE5105 .K68 2013
|t 0
|l Available Online
|